|
|
|
|
| LEADER |
00810nam a2200205 a 4500 |
| 008 |
100418s2002 ii b 000 0 eng d |
| 040 |
|
|
|a BD-DhAAL
|c BD-DhAAL
|
| 082 |
0 |
0 |
|a 346.54/02
|2 22
|
| 100 |
1 |
|
|a Kapoor, S. K.
|
| 245 |
1 |
0 |
|a Law of contract-I :
|b Secs.1-75 of the Indian contract act, 1872 and the specific relief act, 1963/
|c S. K. Kapoor
|
| 250 |
|
|
|a 9th ed.
|
| 260 |
|
|
|a New Delhi :
|b Central Law Agency,
|c 2002.
|
| 300 |
|
|
|a xxxvi, 387 p. ;
|c 22 cm.
|
| 504 |
|
|
|a Includes bibliographical references.
|
| 541 |
1 |
|
|e 00010184
|
| 650 |
|
0 |
|a Contracts
|z India.
|
| 852 |
4 |
|
|a Ayesha Abed Library
|j General Shelf
|
| 942 |
0 |
0 |
|0 1
|
| 999 |
|
|
|c 8127
|d 8127
|
| 952 |
|
|
|0 0
|1 0
|2 ddc
|4 0
|6 346_540200000000000_KAP_2002
|7 0
|9 9281
|a BRACUL
|b BRACUL
|c GEN
|d 2010-04-18
|l 15
|m 74
|o 346.5402 KAP
|p 3010010184
|r 2019-08-28
|s 2019-06-16
|t 1
|w 2010-04-18
|y BK
|